Polskie kluby piłkarskie- Quiz nr. 2 - Statystyki

Ogólne statystyki
  • Ten quiz został rozwiązany 36 razy
  • Średni wynik to 5 z 12
Statystyki odpowiedzi
Zagadnienie Odpowiedź % Poprawnych
Grał w tych klubach Ernest Pohl Legia Warszawa, Górnik Zabrze
75%
Grał w tym klubie Artur Jędrzejczyk GKS Jastrzębie
50%
Jakie kluby tworzą Derby Górnego Śląska Górnik Zabrze, Ruch Chorzów
50%
Mistrzem Polski 8 razy został Lech Poznań
50%
Marek Papszun oprócz Rakowa Częstochowa trenował... Legionovia Legionowo
50%
Grał w Ekstraklasie ROW Rybnik
50%
Dušan Kuciak nie grał w tym klubie Ruch Chorzów
50%
Ten klub zdobył 4 razy Mistrza Polski Widzew Łódź
50%
Lucjan Brychczy grał w Legii Warszawa oraz... Piast Gliwice
25%
W jakich latach Widzew Łódź wygrał ostatnio I Ligę 2009/10
0%
Gonçalo Feio swoją przygodę w Polsce zaczął w jakim polskim klubie. Legia Warszawa
0%
Kto został mistrzem II Ligi w sezonie 2015/16 Stal Mielec
0%
Nie znaleziono quizów pasujących do podanych kryteriów
Rozkład punktacji
Procent ludzi z każdym wynikiem
Percentyl według liczby udzielonych odpowiedzi
Twoja historia wyników
Nie rozwiązałeś tego quizu